Desarrollo sustentable: una compatibilidad entre ecología y economía de mercado
Salvato in:
| Autore principale: | |
|---|---|
| Natura: | Libro |
| Lingua: | spagnolo |
| Pubblicazione: |
Santiago
Universidad de Chile. Instituto de Ciencia Política
1994
|
| Serie: | Material de Discusión, 2
|
| Soggetti: | |
| Tags: |
Aggiungi Tag
Nessun Tag, puoi essere il primo ad aggiungerne!!
|
MARC
| LEADER | 00000nam a2200000 a 4500 | ||
|---|---|---|---|
| 001 | UCZ0388 | ||
| 003 | CL-VaPUC | ||
| 008 | 950728e19940000CL |||||||||||||||||spa|d | ||
| 082 | 0 | 4 | |a 333.7 |b TRE |2 21 |
| 100 | 0 | |a Tressler Zamorano, Frank |e author |9 343166 | |
| 245 | 1 | 0 | |a Desarrollo sustentable: una compatibilidad entre ecología y economía de mercado |
| 300 | |a 17 h | ||
| 942 | |c BK | ||
| 945 | |d 19950728 00:00:00 |a rbrito | ||
| 260 | |a Santiago |b Universidad de Chile. Instituto de Ciencia Política |c 1994 | ||
| 650 | 0 | |a Economía |9 255568 | |
| 650 | 0 | |a Medio ambiente |9 257625 | |
| 650 | 0 | |a Desarrollo sustentable |9 333905 | |
| 650 | 0 | |a Pobreza |9 258652 | |
| 650 | 0 | |a Economía de mercado |9 328785 | |
| 583 | |a last modification |c 19950728 00:00:00 |k Rodrigo Vera | ||
| 490 | 0 | |a Material de Discusión, 2 | |
| 999 | |c 237320 |d 237318 | ||
| 952 | |0 0 |1 0 |4 0 |6 333_700000000000000_TRE_1994 |7 0 |8 A |9 246247 |a BIBHIS |b BIBHIS |d 2019-11-18 |i 3114740 |o 333.7 TRE 1994 |p 3114740 |r 2025-01-20 |w 2019-11-18 |y BK |k HIS | ||